On War (Vol-3) / (Record no. 592801)

000 -LEADER
fixed length control field 00426nam a22001337a 4500
040 ## - CATALOGING SOURCE
Transcribing agency NUST
082 ## - DEWEY DECIMAL CLASSIFICATION NUMBER
Classification number 355.02,CLA
100 ## - MAIN ENTRY--PERSONAL NAME
Personal name Clausewitz, Von
9 (RLIN) 105803
245 ## - TITLE STATEMENT
Title On War (Vol-3) /
Statement of responsibility, etc. Von Clausewitz
260 ## - PUBLICATION, DISTRIBUTION, ETC.
Place of publication, distribution, etc. Karachi
Name of publisher, distributor, etc. Kifayat
Date of publication, distribution, etc. 1962-1990
300 ## - PHYSICAL DESCRIPTION
Extent 348 p.:
505 ## - FORMATTED CONTENTS NOTE
Formatted contents note Sketches for Book VII. The Attack (Page-1), Sketches for Book VIII Plan of War (Page-76), Appendix (Page-178).
942 ## - ADDED ENTRY ELEMENTS (KOHA)
Source of classification or shelving scheme
Koha item type Book
Call number prefix 355.02,CLA
Holdings
Withdrawn status Lost status Source of classification or shelving scheme Damaged status Not for loan Permanent Location Current Location Shelving location Date acquired Total Checkouts Full call number Barcode Date last seen Price effective from Koha item type Public note
          Military College of Signals (MCS) Military College of Signals (MCS) General Stacks 12/24/2022   355.02,CLA MCS32857 12/24/2022 12/24/2022 Book Almirah No.51, Shelf No.5
© 2023 Central Library, National University of Sciences and Technology. All Rights Reserved.